Orden público

Gespeichert in:
Bibliographische Detailangaben
1. Verfasser: Cardini, Eugenio Osvaldo (VerfasserIn)
Format: Buch
Sprache:Spanisch
Veröffentlicht: Buenos Aires Abeledo-Perrot 1959
Ausgabe:1a. ed
Schriftenreihe:Monografías Jurídicas, 13
Schlagworte:
Tags: Tag hinzufügen
Keine Tags, Fügen Sie den ersten Tag hinzu!

MARC

LEADER 00000cam a2200000 a 4500
001 UCD3579
003 CL-VaPUC
008 160609e19590624ag |||||||||||||||||spa|d
082 0 4 |a 344.8205  |b CAR  |2 21 
100 0 |a Cardini, Eugenio Osvaldo  |e author  |9 587098 
245 1 0 |a Orden público 
250 |a 1a. ed 
300 |a 102 p 
942 |c BK 
945 |d 20160609 22:21:00  |a arojas 
260 |a Buenos Aires  |b Abeledo-Perrot  |c 1959 
650 0 |a Orden público  |9 368427 
650 7 |a LEGISLACION  |2 CL-VaPUC  |9 587099 
651 0 |a Argentina  |9 254888 
583 |a last modification  |c 20160609 22:21:00  |k Rodrigo Vera 
490 0 |a Monografías Jurídicas, 13 
999 |c 364615  |d 364613 
952 |0 0  |1 0  |3 erb  |4 0  |6 344_820500000000000_CAR_1959  |7 0  |8 A  |9 478163  |a BIBDER  |b BIBDER  |i 5313287  |o 344.8205 CAR 1959  |p 5313287  |r 2023-01-25  |w 2019-11-24  |y BK  |z Catalogado en:20160609  |k DER